000 00791nam a2200253Ia 4500
003 GCL
008 140319s9999 xx 000 0 ara d
040 _aGCL /
_cGCL
082 0 4 _aق
_b700
_bت ف
100 1 _aثروت عكاشة
245 1 0 _aالفن الاغريقى /
_cثروت عكاشة
260 _a[S.N] :
_bالهيئة المصرية العامة للكتاب ،
_c1982
300 _a784 ص
490 _a
650 0 4 _aالحضارة
650 0 4 _aالجمال
650 0 4 _aالتواريخ المزدوجة
650 0 4 _aحضارة بحر ايجه السيكلادية
650 0 4 _aالعمارة الاغريقية
650 0 4 _aالنحت الاغريقى
650 0 4 _aالتصوير الاغريقى
650 0 4 _aتاريخ ونقد
942 _2ddc
_cBK
999 _c52806
_d52806